Statistics for Hall of Fame QB's Alma Mater

Click here to take the quiz!

General Stats

  • This quiz has been taken 636 times
  • The average score is 15 of 23

Answer Stats

QuarterbackCollege% Correct
Joe MontanaNotre Dame
94%
John ElwayStanford
91%
Troy AikmanUCLA
90%
Bob WaterfieldUCLA
90%
Dan MarinoPitt
89%
Joe NamathAlabama
88%
Bart StarrAlabama
88%
Steve YoungBYU
84%
Roger StaubachNavy
78%
Jim KellyMiami
77%
Terry BradshawLouisiana Tech
70%
Warren MoonWashington
62%
Bobby LayneTexas
54%
Fran TarkentonGeorgia
50%
Norm Van BrocklinOregon
50%
Dan FoutsOregon
50%
Len DawsonPurdue
50%
Bob GriesePurdue
50%
Y.A. TittleLSU
43%
Johnny UnitasLouisville
41%
George BlandaKentucky
25%
Sonny JurgensenDuke
19%
Otto GrahamNorthwestern
18%

Score Distribution

Percentile by Number Answered

Percent of People with Each Score

Your Score History

You have not taken this quiz